00382pab a2200121 454500008004000000100002400040245011000064260000900174300001400183362000800197650003000205773002500235180718b2011 xxu||||| |||| 00| 0 eng d aDonaghy, Maureen M. aDo participatory governance institutions matter? Municipal councils and social housing programs in Brazil c2011 ap.83-102. aOct aParticipatory development aComparative Politics